[Event "EU-ch Rapid"]
[Site "Zagreb"]
[Date "2023.12.15"]
[Round "8"]
[White "Antoniou, Rafail"]
[Black "Nguyen, Thai Dai Van"]
[Result "0-1"]
[WhiteElo "1949"]
[BlackElo "2632"]
[PlyCount "70"]
[EventDate "2023.12.14"]
[EventType "swiss (rapid)"]
[EventRounds "11"]
[EventCountry "CRO"]
[SourceTitle "CB51_2023"]
[SourceDate "2023.12.20"]
[SourceVersion "1"]
[SourceVersionDate "2023.12.20"]
[SourceQuality "1"]

1. c4 e5 2. Nc3 Bb4 3. Qc2 Nf6 4. Nf3 Bxc3 5. Qxc3 d6 6. e3 0-0 7. b3 c5 8. d3 Nc6 9. a3 Re8 10. Bb2 b6 11. Be2 a5 12. 0-0 Bg4 13. Rfe1 Qd7 14. Rad1 Rad8 15. Qc1 d5 16. d4 exd4 17. exd4 Bxf3 18. Bxf3 Rxe1+ 19. Rxe1 Nxd4 20. Bxd4 cxd4 21. c5 Rc8 22. b4 bxc5 23. bxc5 Qb5 24. Qd2 Qxc5 25. Rd1 Qc3 26. Qxd4 Qxd4 27. Rxd4 Rc1+ 28. Rd1 Rxd1+ 29. Bxd1 Kf8 30. Kf1 Ke7 31. Ke2 Kd6 32. f3 Kc5 33. Kd3 Ne8 34. Kc3 Nd6 35. Be2 Nc4 0-1

[Event "EU-chT 24th"]
[Site "Budva"]
[Date "2023.11.18"]
[Round "7.2"]
[White "Moussard, Jules"]
[Black "Nguyen, Thai Dai Van"]
[Result "1-0"]
[WhiteElo "2639"]
[BlackElo "2624"]
[PlyCount "105"]
[EventDate "2023.11.11"]
[EventType "team-swiss"]
[EventRounds "9"]
[EventCountry "MNE"]
[SourceTitle "CB47_2023"]
[SourceDate "2023.11.22"]
[SourceVersion "1"]
[SourceVersionDate "2023.11.22"]
[SourceQuality "1"]
[WhiteTeam "France"]
[BlackTeam "Czech Republic"]
[WhiteTeamCountry "FRA"]
[BlackTeamCountry "CZE"]

1. c4 Nf6 2. Nc3 e5 3. Nf3 Nc6 4. d3 d5 5. cxd5 Nxd5 6. e4 Nb6 7. Be2 Be7 8. Be3 Be6 9. 0-0 0-0 10. Rc1 Bf6 11. Nd2 Qd7 12. h3 Rfd8 13. a3 a6 14. Nc4 Nc8 15. b4 b6 16. Bg4 N8e7 17. Bxe6 Qxe6 18. Qc2 h6 19. Ne2 Bg5 20. Rfd1 Rac8 21. Bxg5 hxg5 22. Ne3 Nd4 23. Nxd4 exd4 24. Ng4 c5 25. Qd2 cxb4 26. Qxb4 Qd6 27. Qd2 Qf4 28. Qb2 Qd6 29. Qd2 Qf4 30. Rxc8 Rxc8 31. Qb4 Rc1 32. Rxc1 Qxc1+ 33. Kh2 Qc5 34. Qa4 Qd6+ 35. e5 Qd8 36. Qxa6 Ng6 37. Kg1 Nf4 38. Nh2 Ne2+ 39. Kf1 Nf4 40. Nf3 Ne6 41. Kg1 Nc5 42. Qb5 Ne6 43. Nd2 Qa8 44. a4 Nf4 45. Ne4 Ne2+ 46. Kh2 Qd8 47. e6 fxe6 48. Qe5 Qd5 49. Qb8+ Kh7 50. Qxb6 Nf4 51. Qb5 Kg6 52. Qxd5 Nxd5 53. a5 1-0

[Event "FIDE Grand Swiss"]
[Site "Douglas"]
[Date "2023.11.05"]
[Round "11"]
[White "Nguyen, Thai Dai Van"]
[Black "Abasov, Nijat Azad"]
[Result "1-0"]
[WhiteElo "2618"]
[BlackElo "2679"]
[PlyCount "77"]
[EventDate "2023.10.25"]
[EventType "swiss"]
[EventRounds "11"]
[EventCountry "IOM"]
[SourceTitle "Mega2024 Update 01"]
[Source "Chessbase"]
[SourceDate "2023.11.12"]
[SourceVersion "1"]
[SourceVersionDate "2023.11.12"]
[SourceQuality "1"]

1. c4 e6 2. g3 Nf6 3. Bg2 d5 4. Nf3 dxc4 5. Qa4+ Bd7 6. Qxc4 c5 7. d4 Nc6 8. 0-0 cxd4 9. Nxd4 Rc8 10. Nc3 Nxd4 11. Qxd4 Bc5 12. Qh4 Bc6 13. Bxc6+ Rxc6 14. Rd1 Qa5 15. Bg5 Be7 16. Ne4 Qe5 17. Nxf6+ Bxf6 18. Bxf6 Qxf6 19. Qxf6 gxf6 20. Rac1 Rxc1 21. Rxc1 Kd7 22. Rc4 b6 23. Kg2 Rg8 24. Ra4 a5 25. Rh4 Rg7 26. e4 Ke7 27. Rh5 Rg5 28. Rxh7 Re5 29. Kf3 Kf8 30. Rh8+ Kg7 31. Rb8 Rb5 32. b3 Rb4 33. Rc8 b5 34. Ke3 f5 35. exf5 exf5 36. f3 a4 37. Rc3 axb3 38. axb3 f4+ 39. Kd2 1-0

[Event "FIDE Grand Swiss"]
[Site "Douglas"]
[Date "2023.11.03"]
[Round "9"]
[White "Nguyen, Thai Dai Van"]
[Black "Samunenkov, Igor"]
[Result "1/2-1/2"]
[WhiteElo "2618"]
[BlackElo "2531"]
[PlyCount "132"]
[EventDate "2023.10.25"]
[EventType "swiss"]
[EventRounds "11"]
[EventCountry "IOM"]
[SourceTitle "Mega2024 Update 01"]
[Source "Chessbase"]
[SourceDate "2023.11.12"]
[SourceVersion "1"]
[SourceVersionDate "2023.11.12"]
[SourceQuality "1"]

1. d4 d5 2. c4 e6 3. Nf3 Nf6 4. g3 dxc4 5. Bg2 c5 6. 0-0 Nc6 7. Qa4 Bd7 8. Qxc4 cxd4 9. Nxd4 Rc8 10. Nc3 Nxd4 11. Qxd4 Bc5 12. Qh4 Bc6 13. Bxc6+ Rxc6 14. Bg5 Be7 15. Rfd1 Qa5 16. Ne4 Qe5 17. Nxf6+ Bxf6 18. Bxf6 Qxf6 19. Qxf6 gxf6 20. Rac1 Rxc1 21. Rxc1 Kd7 22. Kg2 Rg8 23. f4 f5 24. Kh3 Rg6 25. Rd1+ Kc7 26. Rc1+ Kd7 27. Rc3 a5 28. Rc2 Rh6+ 29. Kg2 Rg6 30. Kf3 Rg8 31. Kg2 Rg6 32. Rc5 b6 33. Rc2 Rg8 34. Kh3 Rg6 35. Rd2+ Ke7 36. Rd3 Rg8 37. Rb3 Rc8 38. Rxb6 Rc2 39. e3 Kf6 40. Rb5 Kg6 41. a4 Re2 42. Rb3 h5 43. Rb5 Rd2 44. Rxa5 Rxb2 45. Ra8 Ra2 46. Ra5 Kh6 47. Ra7 Kg6 48. Ra6 Kg7 49. a5 Kg6 50. Ra7 Kf6 51. a6 Kg6 52. Ra8 Kf6 53. Ra7 Kg6 54. Ra8 Kf6 55. Rh8 Rxa6 56. Rxh5 Ra3 57. e4 fxe4 58. Re5 Ra4 59. g4 Ra3+ 60. Kg2 Ra2+ 61. Kg3 Ra3+ 62. Kh4 Re3 63. h3 Kg6 64. Rg5+ Kf6 65. Re5 Kg6 66. Rg5+ Kf6 1/2-1/2

[Event "FIDE Grand Swiss"]
[Site "Douglas"]
[Date "2023.10.26"]
[Round "2"]
[White "Nguyen, Thai Dai Van"]
[Black "Xiong, Jeffery"]
[Result "1/2-1/2"]
[WhiteElo "2618"]
[BlackElo "2693"]
[PlyCount "102"]
[EventDate "2023.10.25"]
[EventType "swiss"]
[EventRounds "11"]
[EventCountry "IOM"]
[SourceTitle "Mega2024 Update 01"]
[Source "Chessbase"]
[SourceDate "2023.11.12"]
[SourceVersion "1"]
[SourceVersionDate "2023.11.12"]
[SourceQuality "1"]

1. c4 c5 2. Nf3 Nf6 3. Nc3 d5 4. cxd5 Nxd5 5. g3 Nc6 6. Bg2 Nc7 7. a3 g6 8. d3 Bg7 9. Be3 b6 10. h4 Bb7 11. h5 Nd4 12. h6 Nxf3+ 13. Bxf3 Bxc3+ 14. bxc3 Bxf3 15. exf3 Qd7 16. 0-0 Rd8 17. d4 c4 18. Qe2 Qc6 19. Bg5 Nd5 20. Rfe1 0-0 21. Qc2 Rfe8 22. Re4 b5 23. a4 a6 24. Rae1 Qd6 25. axb5 axb5 26. Qb2 Qd7 27. Kg2 Rc8 28. Ra1 Ra8 29. Ree1 f6 30. Bd2 Qc6 31. Reb1 Rxa1 32. Rxa1 Rb8 33. Ra5 Kf7 34. Qa1 Qe6 35. Ra8 Qc8 36. Rxb8 Qxb8 37. Qa6 g5 38. Qc6 e6 39. Qd7+ Ne7 40. Bc1 Qe8 41. Qb7 Qc6 42. Qa7 b4 43. cxb4 g4 44. Kg1 gxf3 45. b5 Qe4 46. Ba3 Qe1+ 47. Kh2 Qxf2+ 48. Kh3 Qg2+ 49. Kg4 f5+ 50. Kf4 Qd2+ 51. Kxf3 Qd3+ 1/2-1/2

[Event "POL-chT Ekstraliga"]
[Site "Lublin"]
[Date "2023.09.22"]
[Round "5.2"]
[White "Nguyen, Thai Dai Van"]
[Black "Bjerre, Jonas Buhl"]
[Result "1/2-1/2"]
[WhiteElo "2606"]
[BlackElo "2627"]
[PlyCount "88"]
[EventDate "2023.09.18"]
[EventType "team-tourn"]
[EventRounds "9"]
[EventCountry "POL"]
[SourceTitle "EXT 2024"]
[Source "ChessBase"]
[SourceDate "2023.10.10"]
[SourceVersion "1"]
[SourceVersionDate "2023.10.10"]
[SourceQuality "1"]
[WhiteTeam "Plock Hetman"]
[BlackTeam "Legnica Miedz"]
[WhiteTeamCountry "POL"]
[BlackTeamCountry "POL"]

1. e4 e5 2. Nf3 Nc6 3. Bc4 Bc5 4. 0-0 Nf6 5. d3 0-0 6. Nbd2 d6 7. c3 a6 8. a4 Ba7 9. h3 h6 10. Re1 Re8 11. b4 Be6 12. Bxe6 Rxe6 13. Qc2 d5 14. Nb3 dxe4 15. dxe4 Qe8 16. Be3 Bxe3 17. Rxe3 b6 18. a5 Ne7 19. Qe2 Qc8 20. Nfd2 Nd7 21. Rd3 Ng6 22. g3 Ngf8 23. Nc4 b5 24. Ne3 c5 25. Rd5 cxb4 26. cxb4 Nf6 27. Rc5 Qb8 28. Qc2 N8d7 29. Rc7 Qf8 30. Rd1 Rd6 31. Rxd6 Qxd6 32. Rc8+ Rxc8 33. Qxc8+ Qf8 34. Qxf8+ Kxf8 35. f3 g6 36. Nc2 Ke7 37. Ne1 Ne8 38. Nd3 Nc7 39. Nbc5 Nxc5 40. Nxc5 g5 41. Kf2 f6 42. Kg2 Kf7 43. Kf2 Ke7 44. Ke3 Kd6 1/2-1/2

[Event "POL-chT Ekstraliga"]
[Site "Lublin"]
[Date "2023.09.19"]
[Round "2.3"]
[White "Bluebaum, Matthias"]
[Black "Nguyen, Thai Dai Van"]
[Result "1/2-1/2"]
[WhiteElo "2670"]
[BlackElo "2606"]
[PlyCount "57"]
[EventDate "2023.09.18"]
[EventType "team-tourn"]
[EventRounds "9"]
[EventCountry "POL"]
[SourceTitle "EXT 2024"]
[Source "ChessBase"]
[SourceDate "2023.10.10"]
[SourceVersion "1"]
[SourceVersionDate "2023.10.10"]
[SourceQuality "1"]
[WhiteTeam "Raciborz Silesia"]
[BlackTeam "Plock Hetman"]
[WhiteTeamCountry "POL"]
[BlackTeamCountry "POL"]

1. c4 Nf6 2. Nc3 e5 3. e3 Nc6 4. Qb3 Bc5 5. d3 0-0 6. Nf3 d6 7. Be2 h6 8. 0-0 Re8 9. Rd1 e4 10. dxe4 Nxe4 11. Nxe4 Rxe4 12. Bd2 a5 13. Bc3 Re8 14. Qc2 Bb4 15. Bxb4 Nxb4 16. Qc3 Bd7 17. c5 Bc6 18. cxd6 cxd6 19. a3 Nd5 20. Qd4 a4 21. Rac1 Qa5 22. Nd2 Nf6 23. Qxd6 Red8 24. Qb4 Qxb4 25. axb4 a3 26. b5 axb2 27. Rb1 Bxb5 28. Bxb5 Ra1 29. Rxa1 1/2-1/2

[Event "Abu Dhabi op 29th"]
[Site "Abu Dhabi"]
[Date "2023.08.23"]
[Round "8"]
[White "Nguyen, Thai Dai Van"]
[Black "Liyanage, Ranindu Dilshan"]
[Result "1/2-1/2"]
[WhiteElo "2637"]
[BlackElo "2359"]
[PlyCount "61"]
[EventDate "2023.08.16"]
[EventType "swiss"]
[EventRounds "9"]
[EventCountry "UAE"]
[SourceTitle "EXT 2024"]
[Source "ChessBase"]
[SourceDate "2023.10.10"]
[SourceVersion "1"]
[SourceVersionDate "2023.10.10"]
[SourceQuality "1"]

1. c4 e6 2. Nc3 d5 3. d4 Nf6 4. cxd5 exd5 5. Bg5 Bb4 6. e3 h6 7. Bh4 g5 8. Bg3 Ne4 9. Nge2 h5 10. h4 Bg4 11. Qb3 Nxg3 12. Nxg3 Nc6 13. Bb5 Bxc3+ 14. Qxc3 Rh6 15. Rc1 gxh4 16. Ne2 a6 17. Bd3 Qe7 18. Qc5 Qg5 19. Nf4 0-0-0 20. b4 Rf6 21. b5 axb5 22. Bxb5 Rdd6 23. Bxc6 bxc6 24. Kf1 h3 25. gxh3 Qh4 26. Rc3 Rde6 27. Rh2 Rxf4 28. exf4 Be2+ 29. Kg1 Qxf4 30. Qa3 Kd7 31. Re3 1/2-1/2

[Event "Abu Dhabi op 29th"]
[Site "Abu Dhabi"]
[Date "2023.08.19"]
[Round "4"]
[White "Zia, Tahsin Tajwar"]
[Black "Nguyen, Thai Dai Van"]
[Result "0-1"]
[WhiteElo "2305"]
[BlackElo "2637"]
[PlyCount "86"]
[EventDate "2023.08.16"]
[EventType "swiss"]
[EventRounds "9"]
[EventCountry "UAE"]
[SourceTitle "EXT 2024"]
[Source "ChessBase"]
[SourceDate "2023.10.10"]
[SourceVersion "1"]
[SourceVersionDate "2023.10.10"]
[SourceQuality "1"]

1. d4 e6 2. c4 Nf6 3. Nc3 d5 4. Bg5 Be7 5. e3 h6 6. Bxf6 Bxf6 7. Nf3 0-0 8. Qc2 c6 9. Bd3 Nd7 10. 0-0 dxc4 11. Bxc4 e5 12. Ne4 exd4 13. Nxf6+ Nxf6 14. Nxd4 Qe7 15. h3 Bd7 16. Rad1 Rad8 17. Rfe1 Bc8 18. a4 Rfe8 19. f3 Qe5 20. Qb3 Qc7 21. Ne2 Qe7 22. Nf4 Rxd1 23. Qxd1 Qb4 24. Bb3 Nd7 25. Nd3 Qb6 26. Kf2 Nf6 27. g4 Be6 28. Bxe6 Rxe6 29. Nf4 Re7 30. Qd4 Qa5 31. Re2 Rd7 32. Qc4 Qd8 33. Qb4 a5 34. Qb3 g5 35. Ng2 Nd5 36. Ne1 Nb4 37. Qc3 Rd1 38. Kg2 Qe7 39. Qb3 Qd6 40. Qc3 Qd5 41. Qf6 Rxe1 42. Rxe1 Qd2+ 43. Kf1 Nd3 0-1

[Event "FIDE World Cup"]
[Site "Baku"]
[Date "2023.08.02"]
[Round "2.1"]
[White "Nguyen, Thai Dai Van"]
[Black "Tari, Aryan"]
[Result "0-1"]
[WhiteElo "2642"]
[BlackElo "2641"]
[PlyCount "127"]
[EventDate "2023.07.30"]
[EventType "k.o."]
[EventRounds "8"]
[EventCountry "AZE"]
[SourceTitle "EXT 2024"]
[Source "ChessBase"]
[SourceDate "2023.10.10"]
[SourceVersion "1"]
[SourceVersionDate "2023.10.10"]
[SourceQuality "1"]

1. e4 e5 2. Nf3 Nc6 3. Bc4 Nf6 4. d3 d5 5. exd5 Nxd5 6. 0-0 Be7 7. Re1 f6 8. d4 Nb6 9. Bb3 a5 10. a4 Nxd4 11. Nxd4 Qxd4 12. Qxd4 exd4 13. Bf4 Kd7 14. Nd2 Bd6 15. Bxd6 cxd6 16. Nc4 Nxc4 17. Bxc4 Kd8 18. Re4 Bd7 19. b3 Bc6 20. Rg4 g6 21. Rxd4 Kc7 22. f3 Rhe8 23. Kf2 Re7 24. Rad1 Rd8 25. Rh4 Kb6 26. Re1 Rde8 27. Rxe7 Rxe7 28. Bg8 h5 29. Rf4 f5 30. Bc4 Kc5 31. Bd3 Kd5 32. h4 Ke5 33. Ke3 Kd5+ 34. Kd2 Ke5 35. Ke3 Kd5+ 36. Kd2 Ke5 37. g3 Re8 38. Be2 Bd5 39. Ke3 Kf6+ 40. Kd3 Ke5 41. Rd4 Rc8 42. Bd1 Rc7 43. c3 b6 44. Kd2 Rf7 45. Ke3 Rc7 46. Kd2 Rf7 47. Ke3 Rc7 48. Rd3 Be4 49. fxe4 fxe4 50. Rd2 Rxc3+ 51. Ke2 Rxg3 52. Kf1 d5 53. Rc2 Rxb3 54. Rc6 Rb1 55. Ke1 d4 56. Rxg6 e3 57. Ke2 Rb2+ 58. Kf3 Rf2+ 59. Kg3 d3 60. Bxh5 Rf1 61. Bg4 Rg1+ 62. Kf3 e2 63. Re6+ Kd4 64. Re4+ 0-1

[Event "Prague Masters 5th"]
[Site "Prague"]
[Date "2023.06.25"]
[Round "5"]
[White "Martirosyan, Haik M"]
[Black "Nguyen, Thai Dai Van"]
[Result "1-0"]
[WhiteElo "2685"]
[BlackElo "2653"]
[PlyCount "147"]
[EventDate "2023.06.20"]
[EventType "tourn"]
[EventRounds "9"]
[EventCountry "CZE"]
[EventCategory "18"]
[SourceTitle "CBM 215 Extra"]
[Source "ChessBase"]
[SourceDate "2023.09.30"]
[SourceVersion "1"]
[SourceVersionDate "2023.09.30"]
[SourceQuality "1"]

1. c4 e6 2. Nc3 Nf6 3. d4 Bb4 4. e3 0-0 5. Bd2 c5 6. a3 Bxc3 7. Bxc3 Ne4 8. Ne2 b6 9. d5 d6 10. f3 Nxc3 11. Nxc3 Re8 12. e4 a6 13. a4 exd5 14. cxd5 f5 15. Bd3 Qh4+ 16. g3 Qh3 17. Qd2 Nd7 18. 0-0-0 Ne5 19. Bf1 Qh5 20. Be2 Nxf3 21. Qf4 fxe4 22. Nxe4 Rf8 23. Qe3 Bh3 24. Rhf1 Bxf1 25. Rxf1 Qxd5 26. Nc3 Qd4 27. Rxf3 Rfe8 28. Qd2 d5 29. Rf4 Qxd2+ 30. Kxd2 Re5 31. Bd3 g6 32. Rf6 b5 33. axb5 axb5 34. Bxb5 Rb8 35. Rc6 Rh5 36. h4 c4 37. Rc5 d4 38. Nd5 Kh8 39. Bxc4 Rxb2+ 40. Kc1 Rg2 41. Rc8+ Kg7 42. Rc7+ Kh8 43. Nf6 d3 44. Nxh5 d2+ 45. Kd1 gxh5 46. Bd3 Rxg3 47. Kxd2 Rg7 48. Rc5 Rg2+ 49. Kc3 h6 50. Rxh5 Kg7 51. Ra5 Rf2 52. h5 Rf4 53. Ra6 Rf6 54. Ra1 Rc6+ 55. Kd4 Rd6+ 56. Ke4 Rb6 57. Rg1+ Kh8 58. Rg6 Rb7 59. Ke5 Rb8 60. Rxh6+ Kg7 61. Rh7+ Kg8 62. Rd7 Kh8 63. Bf5 Re8+ 64. Kf6 Rf8+ 65. Kg5 Rg8+ 66. Kh6 Rg7 67. Rd8+ Rg8 68. Rd6 Rg7 69. Bg6 Rg8 70. Bh7 Rb8 71. Rd7 Rc8 72. Bg6 Kg8 73. Rg7+ Kf8 74. Rh7 1-0

[Event "Prague Masters 5th"]
[Site "Prague"]
[Date "2023.06.23"]
[Round "3"]
[White "Navara, David"]
[Black "Nguyen, Thai Dai Van"]
[Result "1/2-1/2"]
[WhiteElo "2689"]
[BlackElo "2653"]
[PlyCount "60"]
[EventDate "2023.06.20"]
[EventType "tourn"]
[EventRounds "9"]
[EventCountry "CZE"]
[EventCategory "18"]
[SourceTitle "CBM 215 Extra"]
[Source "ChessBase"]
[SourceDate "2023.09.30"]
[SourceVersion "1"]
[SourceVersionDate "2023.09.30"]
[SourceQuality "1"]

1. Nf3 d5 2. b3 Nf6 3. Bb2 e6 4. c4 c5 5. e3 Nc6 6. cxd5 exd5 7. Nc3 Be7 8. d4 0-0 9. Be2 Ne4 10. dxc5 Qa5 11. Rc1 Bf6 12. Nd4 Nxc5 13. Nxc6 bxc6 14. 0-0 Ne4 15. Qc2 Nxc3 16. Bxc3 Bxc3 17. Qxc3 Qxa2 18. Rc2 Qa3 19. Ra1 Qe7 20. Qxc6 Be6 21. Qc5 Qxc5 22. Rxc5 Rfc8 23. Rxc8+ Rxc8 24. b4 Rc7 25. Kf1 Kf8 26. Ke1 Rb7 27. b5 Bd7 28. Kd2 Bxb5 29. Bxb5 Rxb5 30. Rxa7 Rb2+ 1/2-1/2

[Event "Prague Masters 5th"]
[Site "Prague"]
[Date "2023.06.22"]
[Round "2"]
[White "Nguyen, Thai Dai Van"]
[Black "Keymer, Vincent"]
[Result "1/2-1/2"]
[WhiteElo "2653"]
[BlackElo "2690"]
[PlyCount "61"]
[EventDate "2023.06.20"]
[EventType "tourn"]
[EventRounds "9"]
[EventCountry "CZE"]
[EventCategory "18"]
[SourceTitle "CBM 215 Extra"]
[Source "ChessBase"]
[SourceDate "2023.09.30"]
[SourceVersion "1"]
[SourceVersionDate "2023.09.30"]
[SourceQuality "1"]

1. e4 e5 2. Nf3 Nc6 3. Bb5 a6 4. Ba4 Nf6 5. 0-0 Be7 6. Re1 b5 7. Bb3 0-0 8. a4 b4 9. d3 d6 10. c3 Rb8 11. Nbd2 Na5 12. Ba2 c5 13. Nc4 Nc6 14. h3 h6 15. d4 cxd4 16. cxd4 Nxd4 17. Nxd4 exd4 18. e5 dxe5 19. Nxe5 Bb7 20. Bf4 Rc8 21. Ng6 Re8 22. Nxe7+ Rxe7 23. Rxe7 Qxe7 24. Qxd4 Rd8 25. Qe3 Qd7 26. Qc5 b3 27. Bxb3 Bxg2 28. Kxg2 Qb7+ 29. Kh2 Qxb3 30. Rg1 Qxb2 31. Bxh6 1/2-1/2